A sketch of Chinese history
Đã lưu trong:
| Tác giả chính: | |
|---|---|
| Định dạng: | Sách |
| Ngôn ngữ: | Undetermined |
| Được phát hành: |
Shanghai
Kelly & Walsh
1936
|
| Những chủ đề: | |
| Các nhãn: |
Thêm thẻ
Không có thẻ, Là người đầu tiên thẻ bản ghi này!
|
| Thư viện lưu trữ: | Trung tâm Học liệu Trường Đại học Cần Thơ |
|---|
| LEADER | 00507nam a2200205Ia 4500 | ||
|---|---|---|---|
| 001 | CTU_111236 | ||
| 008 | 210402s9999 xx 000 0 und d | ||
| 020 | |c 595000 | ||
| 082 | |a 951 | ||
| 082 | |b P865 | ||
| 100 | |a Pott, F. L. Hawks | ||
| 245 | 2 | |a A sketch of Chinese history | |
| 245 | 0 | |c F. L. Hawks Pott | |
| 260 | |a Shanghai | ||
| 260 | |b Kelly & Walsh | ||
| 260 | |c 1936 | ||
| 650 | |a History | ||
| 650 | |z China | ||
| 904 | |i Hiếu | ||
| 980 | |a Trung tâm Học liệu Trường Đại học Cần Thơ | ||